Металлогения золота Горного Алтая и юга Горной Шории: автореферат диссертации на соискание ученой степени доктора геолого-минералогических наук; спец. 25.00.11

Dades bibliogràfiques
Autor principal: Гусев А. И. Анатолий Иванович
Autor corporatiu: Томский политехнический университет, ОАО "Горно-Алтайская экспедиция"
Altres autors: Коробейников А. Ф. Александр Феопенович (научный консультант)
Sumari:Заглавие с титульного экрана
Электронная версия печатной публикации
Idioma:rus
Publicat: Томск, [Б. и.], 2006
Matèries:
Accés en línia:http://www.lib.tpu.ru/fulltext/a/2006/10.pdf
Format: MixedMaterials Electrònic Llibre
KOHA link:https://koha.lib.tpu.ru/cgi-bin/koha/opac-detail.pl?biblionumber=95832

MARC

LEADER 00000nlm0a2200000 4500
001 95832
005 20231101214030.0
035 |a (RuTPU)RU\TPU\book\102596 
090 |a 95832 
100 |a 20060504d2006 k y0rusy50 ca 
101 0 |a rus 
102 |a RU 
105 |a a dm 001zy 
135 |a drbn ---uucaa 
181 0 |a i  
182 0 |a b 
200 1 |a Металлогения золота Горного Алтая и юга Горной Шории  |b Электронный ресурс  |e автореферат диссертации на соискание ученой степени доктора геолого-минералогических наук  |e спец. 25.00.11  |f А. И. Гусев  |g Томский политехнический университет ; ОАО "Горно-Алтайская экспедиция" ; науч. конс. А. Ф. Коробейников 
203 |a Текст  |c электронный 
210 |a Томск  |c [Б. и.]  |d 2006 
215 |a 1 файл (1690 Kb) 
230 |a Электронные текстовые данные (1 файл : 1690 Kb) 
300 |a Заглавие с титульного экрана 
300 |a Электронная версия печатной публикации 
337 |a Windows 2000; Adobe Reader5.0 
452 1 |0 (RuTPU)RU\TPU\book\100260  |t Металлогения золота Горного Алтая и юга Горной Шории  |o автореферат диссертации на соискание ученой степени доктора геолого-минералогических наук  |o спец. 25.00.11  |f А. И. Гусев  |g Томский политехнический университет; ОАО "Горно-Алтайская экспедиция"; науч. конс. А. Ф. Коробейников  |c Томск  |n Б.и.  |d 2006  |p 50 с.  |a Гусев, Анатолий Иванович 
610 1 |a геология 
610 1 |a Горный Алтай 
610 1 |a Горная Шория 
610 1 |a золото 
610 1 |a металлогения 
610 1 |a структурно-вещественные комплексы 
610 1 |a плютектоника 
610 1 |a золотогенерирующий магматизм 
610 1 |a оруденение 
610 1 |a зональность 
610 1 |a генезис 
610 1 |a прогнозирование 
610 1 |a прогнозные ресурсы 
610 1 |a авторефераты диссертаций 
610 1 |a труды учёных ТПУ 
610 1 |a электронный ресурс 
675 |a 553.411(571)(04)  |v 3 
686 |a 25.00.11  |2 oksvnk 
700 1 |a Гусев  |b А. И.  |c геолог  |c профессор Томского политехнического университета  |f 1940-  |g Анатолий Иванович  |2 stltpush  |3 (RuTPU)RU\TPU\pers\28310 
702 1 |a Коробейников  |b А. Ф.  |c российский геолог, доктор геолого-минералогических наук  |c профессор Томского политехнического университета  |f 1934-  |g Александр Феопенович  |2 stltpush  |3 (RuTPU)RU\TPU\pers\12688  |4 695 
712 0 2 |a Томский политехнический университет  |2 stltpush  |3 (RuTPU)RU\TPU\col\376 
712 0 2 |a ОАО "Горно-Алтайская экспедиция"  |9 24573 
801 1 |a RU  |b 63413507  |c 20060504  |g PSBO 
801 2 |a RU  |b 63413507  |c 20151116  |g RCR 
856 4 |u http://www.lib.tpu.ru/fulltext/a/2006/10.pdf 
942 |c CF